[Event "Doeberl Cup Minor 43rd"]
[Site "Canberra"]
[Date "2005.03.27"]
[Round "6"]
[White "Williams, Pablo"]
[Black "To, Anthony"]
[Result "0-1"]
[WhiteElo "1525"]
[BlackElo "1493"]
[PlyCount "84"]
[EventDate "2005.03.25"]
[EventType "swiss"]
[EventRounds "7"]
[EventCountry "AUS"]
[SourceTitle "EXT 2009"]
[Source "ChessBase"]
[SourceDate "2008.11.26"]
[SourceVersion "1"]
[SourceVersionDate "2008.11.26"]
[SourceQuality "1"]

1. e4 c5 2. g3 d6 3. Bg2 Nf6 4. Nc3 g6 5. Nge2 Bg7 6. 0-0 0-0 7. h3 Nc6 8. d3 a6 9. g4 e6 10. Nf4 Qc7 11. g5 Nd7 12. h4 b5 13. Rb1 b4 14. Nce2 Nde5 15. c3 a5 16. d4 Nd7 17. d5 Nd8 18. dxe6 Nxe6 19. e5 Ra6 20. Nd5 Qb8 21. exd6 Rxd6 22. Qa4 Nb6 23. Ne7+ Kh8 24. Qxa5 Bb7 25. cxb4 Bxg2 26. Kxg2 Qb7+ 27. Kg1 cxb4 28. Be3 Nc4 29. Qa7 Qxa7 30. Bxa7 Re8 31. Rbc1 Rxe7 32. Rxc4 Rxa7 33. Rxb4 Rxa2 34. Nc3 Bxc3 35. bxc3 Rc2 36. Rc4 Rd3 37. Ra1 Rdxc3 38. Ra8+ Kg7 39. Rb4 Rc8 40. Ra7 R2c7 41. Ra5 Rc4 42. Rb7 Rxh4 0-1